000 01021nas a2200301 4500
001 BR2012005016
003 BR-BrBNA
005 20231205120824.0
007 ta
008 230509b bl.|||p| |||| 00| 00por d
040 _aBR-BrBNA
_bpor
_cBiblioteca Nacional de Agricultura
041 _a(Pt)
072 _aF62; F02
100 1 _aStein, V.C.
100 1 _aPaiva, R.
100 1 _aHerrera, R.C.
100 1 _aVargas, D.P.
245 1 _aCurva de crescimento e índice de divisão celular de calos de ingazeiro
246 1 _aGrowth curve and cell division index of ingá vera willd. Subsp. Affinis (dc.)T.d. Penn. Calluses
650 _aINGÁ
650 _aCURVA DE CRESCIMENTO
650 _aCALO
650 _aTECIDO VEGETAL
650 _aEXPLANTE
773 0 _tRevista de Ciências Agrárias Amazonian Journal of Agricultural and Environmental Sciences (Brazil)
_xISSN 1517-591X
_g(Jul-Dec 2010), v. 53(2) p. 159-163
_wBR2012005016
909 _a202311
_bLúcia
_c55
_dLúcia Elande
942 _2AGRIS
_n0
_cANA
999 _c220492
_d220492